Seven Deadly Sins 120 Personnages sans Indices - Statistiques

Statistiques générales
  • Ce quiz a été pris 64 fois
  • Le résultat moyen est 39 sur 120
Statistiques - réponses
Numéro Personnage % Correct
3 Ban
100%
1 Meliodas
100%
7 Escanor
98%
4 King (Harlequin / Arlequin)
98%
2 Diane
95%
6 Merlin
95%
8 Elizabeth Liones
93%
5 Gowther
93%
107 Zeal
84%
19 Gilthunder
82%
9 Hawk (Mild)
82%
61 Zeldris
82%
98 Estaro
73%
64 Galand
73%
48 Arthur Pendragon
70%
68 Monspeet
70%
62 Estarossa
68%
63 Melascula / Merascylla
68%
65 Drole / Dolor
66%
17 Hendrickson
66%
24 Jericho
64%
13 Margaret Liones
64%
12 Bartra Liones
61%
67 Derieri
61%
16 Dreyfus
59%
57 Mael
59%
81 Elaine
57%
66 Gloxinia
57%
23 Guila
57%
14 Veronica Liones
57%
70 Fraudrin
55%
21 Griamore
55%
76 Roi des Démons
55%
10 Hawk Mama
52%
20 Howzer
52%
54 Ludociel / Ludeciel
52%
69 Grayroad / Graylord
45%
56 Tarmiel
45%
60 Divinité Suprême
43%
22 Helbram
41%
55 Sariel
41%
18 Zaratras
41%
94 Wild
39%
120 Cath Palug
36%
85 Matrona
36%
29 Slader
36%
77 Chandler
34%
93 Gelda
34%
52 Liz
34%
42 Vivian
34%
11 Oslo
32%
78 Cusack
27%
27 Ruin
27%
35 Deathpierce
25%
25 Golgius
25%
49 Nanashi
25%
51 Cain Barzad
23%
43 Gustaf / Gustav
23%
59 Nerobasta
23%
46 Twigo
23%
34 Denzel Liones
20%
82 Gerheade / Gerharde
20%
15 Nadja Liones
20%
44 Dale
18%
26 Friesia / Freesia
18%
31 Hugo
18%
41 Marmas
18%
108 Pelliot
18%
91 Zhivago
18%
38 Dogedo / Doggett
16%
28 Jude
16%
101 Mead
16%
100 Rou
16%
30 Simon
16%
89 Zaneri / Zanelli
16%
47 Alioni
14%
118 Dahlia
14%
86 Dolores
14%
36 Arden
11%
72 Calmadios / Karmadios
11%
102 Dana
11%
88 Jenna
11%
90 Theo
11%
75 Chimera Indura
9%
37 Deldry / Deldrey
9%
119 Dubs
9%
104 Ellen
9%
39 Waillo / Waiyo
9%
33 Weinheidt
9%
73 Aranak
7%
45 Gannon
7%
71 Gowther (Démon)
7%
32 Jillian
7%
84 Puora
7%
113 Rosa
7%
112 Sol / Zol
7%
87 Dumbelbas / Dumblebas
5%
50 Orlondi
5%
103 Sennett
5%
95 Solaseed
5%
106 Taizoo
5%
96 Arbus
2%
40 Invisible
2%
105 Luigi
2%
79 Peronia
2%
92 Selion
2%
110 Zalpa / Zarpa
2%
74 Zeno
2%
117 Aldrich
0%
116 Annie
0%
114 Daymond
0%
111 Della
0%
58 Elizabeth (Déesse)
0%
83 Ende
0%
80 Glariza
0%
99 Jigumo
0%
115 Kilia
0%
109 Raizer
0%
97 Torah
0%
53 Wandle
0%
Aucun quiz correspondant
Distribution des résultats
% des personnes avec chaque résultat
Percentile par nombre de réponses
Votre historique - résultats
Vous n’avez pas pris ce quiz